Pitti (Record no. 19151)

MARC details
000 -LEADER
campo de control de longitud fija 00570nam a2200205 i 4500
001 - NÚMERO DE CONTROL
campo de control 19151
003 - IDENTIFICADOR DE NÚMERO DE CONTROL
campo de control ES-MaACL
005 - FECHA Y HORA DE LA ÚLTIMA TRANSACCIÓN
campo de control 20230906152018.0
007 - CAMPO FIJO DE DESCRIPCIÓN FÍSICA--INFORMACIÓN GENERAL
campo de control de longitud fija t|
008 - DATOS DE LONGITUD FIJA--INFORMACIÓN GENERAL
campo de control de longitud fija 020625s1997 it a |||| |dita d
080 ## - NÚMERO DE LA CLASIFICACIÓN DECIMAL UNIVERSAL
Número de la Clasificación Decimal Universal 75 Pitti
100 1# - ENTRADA PRINCIPAL--NOMBRE DE PERSONA
Nombre de persona Ferrari, Carmen.
9 (RLIN) 50306
245 10 - MENCIÓN DEL TÍTULO
Título Pitti
Resto del título : gli okki del cuore /
Mención de responsabilidad, etc. Carmen Ferrari.
260 ## - PUBLICACIÓN, DISTRIBUCIÓN, ETC.
Lugar de publicación, distribución, etc. [S.l. :
Nombre del editor, distribuidor, etc. s.n.,
Fecha de publicación, distribución, etc. 1997] (
Fabricante F. Tebaldi)
300 ## - DESCRIPCIÓN FÍSICA
Extensión 157 p. :
Otras características físicas il. col. ;
Dimensiones 30 cm.
500 ## - NOTA GENERAL
Nota general Cronología.
504 ## - NOTA DE BIBLIOGRAFÍA, ETC.
Nota de bibliografía, etc. Bibliografía: p. [143-146]
600 14 - PUNTO DE ACCESO ADICIONAL DE MATERIA--NOMBRE DE PERSONA
Nombre de persona Pitti (
Fechas asociadas al nombre 1951-)
9 (RLIN) 148929
852 ## - LOCALIZACIÓN
Ubicación ES-MaACL
Número de control de estantería L-25579
Holdings
Estatus retirado Estado de pérdida Estado de daño No para préstamo Biblioteca de origen Biblioteca actual Ubicación en estantería Fecha de adquisición Fuente de adquisición Total de préstamos Signatura topográfica completa Código de barras Visto por última vez Precio de reemplazo Tipo de ítem Koha
        Biblioteca del Ateneo de Madrid Biblioteca del Ateneo de Madrid Depósito 2 17/01/2008     L-25579 1019595 23/02/2023 23/02/2023 Libro impreso